Generadores y sistemas de control en micro y mini centrales hidroeléctricas de 1kW a 1MW

Zapisane w:
Opis bibliograficzny
1. autor: Batista Fernández, Roberto
Kolejni autorzy: Fonseca Barboza, Josué
Format: Książka
Wydane: [San José, Costa Rica] 2006
Hasła przedmiotowe:
Etykiety: Dodaj etykietę
Nie ma etykietki, Dołącz pierwszą etykiete!

MARC

LEADER 00000nam a2200000Ia 4500
003 010293
005 20221231144111.0
008 140114s2006 cr a 000 ||s d
040 |c cru CEDI 
090 |a TFG 5380 
100 |a Batista Fernández, Roberto   |9 5006 
245 |a  Generadores y sistemas de control en micro y mini centrales hidroeléctricas de 1kW a 1MW 
260 |c 2006  |b [San José, Costa Rica] 
300 |a xiii, 107 hojas; ilustraciones 
500 |a Proyecto de graduación (bachillerato en ingeniería eléctrica)--Universidad de Costa Rica. Facultad de Ingeniería. Escuela de Ingeniería Eléctrica 
650 |x CENTRALES HIDROELECTRICAS  |x  DINAMOS  |x  ELECTRICIDAD   |x  PLANTAS   |9 5007 
700 |9 5008  |a Fonseca Barboza, Josué 
942 |c TFG 
999 |c 16895  |d 16895